Modely financovania cirkví a náboženských spoločností bakalárska práca

Na minha lista:
Detalhes bibliográficos
Autor principal: Eckhardtová, Barbara
Autor Corporativo: Národohospodárska fakulta EU. Katedra financií
Outros Autores: Laciňák, Jozef
Formato: Livro
Idioma:eslovaco
Publicado em: Bratislava 2014
Tags: Adicionar Tag
Sem tags, seja o primeiro a adicionar uma tag!

MARC

LEADER 00000nbm a2200000 4500
001 0189413
005 20170201085412.2
041 0 |a slo 
044 |a SK 
245 1 0 |a Modely financovania cirkví a náboženských spoločností  |b bakalárska práca  |c Barbara Eckhardtová ; školiteľ: Jozef Laciňák 
264 1 |a Bratislava  |c 2014 
300 |a 52 s. 
100 1 |a Eckhardtová, Barbara 
700 1 |a Laciňák, Jozef 
710 2 |a Národohospodárska fakulta EU. Katedra financií